[Event "Harrogate 4NCL op-B 29th"]
[Site "Harrogate"]
[Date "2023.01.21"]
[Round "2"]
[White "Bielby, Paul R"]
[Black "Procter, Colin S"]
[Result "0-1"]
[WhiteElo "1890"]
[BlackElo "1820"]
[PlyCount "68"]
[EventDate "2023.01.20"]
[EventType "swiss"]
[EventRounds "5"]
[EventCountry "ENG"]
[SourceTitle "CBM 212 Extra"]
[Source "ChessBase"]
[SourceDate "2023.03.31"]
[SourceVersion "1"]
[SourceVersionDate "2023.03.31"]
[SourceQuality "1"]

1. e4 e6 2. d4 d5 3. Nd2 dxe4 4. Nxe4 Nd7 5. Nf3 Ngf6 6. Ng3 c5 7. Bd3 cxd4 8. Nxd4 Bc5 9. Be3 Nd5 10. 0-0 Nxe3 11. fxe3 0-0 12. Qh5 g6 13. Qe2 Ne5 14. Nb3 Nxd3 15. cxd3 Be7 16. d4 b6 17. Rfd1 Bb7 18. e4 Bf6 19. Rac1 Rc8 20. Rc3 Qe7 21. e5 Bg7 22. Nd2 f5 23. Nc4 Ba6 24. Qc2 Bxc4 25. Rxc4 Qd7 26. b3 Rfd8 27. Kf2 Rxc4 28. Qxc4 b5 29. Qe2 Qd5 30. Ke1 Bf8 31. Nf1 Bb4+ 32. Kf2 Bc3 33. Ne3 Bxd4 34. Kf1 Qxe5 0-1

[Event "Harrogate 4NCL op-B 27th"]
[Site "Harrogate"]
[Date "2022.01.23"]
[Round "4"]
[White "Livesey, R Nigel"]
[Black "Bielby, Paul R"]
[Result "1-0"]
[WhiteElo "1851"]
[BlackElo "1948"]
[PlyCount "99"]
[EventDate "2022.01.21"]
[EventType "swiss"]
[EventRounds "5"]
[EventCountry "ENG"]
[SourceTitle "CBM 206 Extra"]
[Source "ChessBase"]
[SourceDate "2022.03.31"]
[SourceVersion "1"]
[SourceVersionDate "2022.03.31"]
[SourceQuality "1"]

1. c4 Nf6 2. g3 d5 3. cxd5 Qxd5 4. Nf3 c6 5. Nc3 Qa5 6. Bg2 g6 7. 0-0 Bg7 8. d3 0-0 9. Bd2 Qb6 10. Qc2 Nbd7 11. Rab1 e5 12. b4 a6 13. Ng5 h6 14. Nge4 Nxe4 15. Nxe4 Qc7 16. Rbc1 Kh7 17. a4 f5 18. Nc5 Nf6 19. Qb1 Re8 20. b5 axb5 21. axb5 Rb8 22. b6 Qd8 23. Rc2 Ra8 24. Rb2 Bf8 25. Rc1 Nd7 26. Nxd7 Bxd7 27. Ra2 Rxa2 28. Qxa2 Bg7 29. Rb1 Bc8 30. Qa7 e4 31. Rb3 Qd5 32. Qa4 Be6 33. Rb1 Qa2 34. Qxa2 Bxa2 35. Rb4 Bd5 36. dxe4 fxe4 37. Be3 Bf8 38. Ra4 c5 39. Ra5 Rc8 40. Ra4 Rc6 41. Bxe4 Bxe4 42. Rxe4 Rxb6 43. Re8 Rf6 44. Rb8 Rf7 45. Rc8 b6 46. Rb8 Rf6 47. Rb7+ Kg8 48. Rb8 Kf7 49. Kf1 Ke7 50. Rxb6 1-0

[Event "Northumberland-ch Sell"]
[Site "Northumberland"]
[Date "2019.03.04"]
[Round "5"]
[White "Bielby, Paul R"]
[Black "MacDonald, Ciaran"]
[Result "1-0"]
[WhiteElo "167"]
[BlackElo "122"]
[PlyCount "73"]
[EventDate "2018.10.27"]
[EventType "swiss"]
[EventRounds "7"]
[EventCountry "ENG"]
[SourceTitle "EXT 2020"]
[Source "ChessBase"]
[SourceDate "2019.10.17"]
[SourceVersion "1"]
[SourceVersionDate "2019.10.17"]
[SourceQuality "1"]

1. e4 e5 2. f4 exf4 3. Bc4 c6 4. Nc3 b5 5. Bb3 b4 6. Nce2 d5 7. exd5 cxd5 8. Nf3 Bg4 9. 0-0 Nf6 10. d4 Be7 11. Bxf4 0-0 12. Ne5 Be6 13. Ng3 Qb6 14. Qd3 Nbd7 15. Nxd7 Nxd7 16. Rad1 Rac8 17. Nf5 Bf6 18. Be3 g6 19. g4 Rfe8 20. Ba4 Rcd8 21. Rd2 Bxf5 22. gxf5 Bg7 23. fxg6 hxg6 24. Bg5 f6 25. Bxd7 fxg5 26. Bxe8 Rxe8 27. c3 bxc3 28. bxc3 Qe6 29. Rdf2 Re7 30. Rb1 Kh7 31. Kf1 Kg8 32. Qf3 Qa6+ 33. Kg2 Qe6 34. Rb8+ Kh7 35. Rd8 g4 36. Qf4 Bh6 37. Rh8+ 1-0

[Event "Harrogate 4NCL op-B 21st"]
[Site "Harrogate"]
[Date "2019.01.20"]
[Round "4"]
[White "Bielby, Paul R"]
[Black "Kendall, Paul SN"]
[Result "0-1"]
[WhiteElo "1907"]
[BlackElo "1934"]
[PlyCount "34"]
[EventDate "2019.01.18"]
[EventType "swiss"]
[EventRounds "5"]
[EventCountry "ENG"]
[SourceTitle "CBM 188 Extra"]
[Source "ChessBase"]
[SourceDate "2019.02.26"]
[SourceVersion "1"]
[SourceVersionDate "2019.02.26"]
[SourceQuality "1"]

1. e4 c5 2. Nf3 g6 3. c3 Bg7 4. d4 cxd4 5. cxd4 d5 6. e5 Nc6 7. Nc3 Bg4 8. Be2 Nh6 9. h3 Bxf3 10. Bxf3 e6 11. 0-0 Nf5 12. Be3 0-0 13. Qd2 f6 14. g4 Nxe3 15. fxe3 fxe5 16. Ne2 Qg5 17. Rad1 Bh6 0-1

[Event "Northumberland-ch Sell"]
[Site "Northumberland"]
[Date "2018.10.27"]
[Round "1"]
[White "Smith, Christian"]
[Black "Bielby, Paul R"]
[Result "0-1"]
[WhiteElo "152"]
[BlackElo "167"]
[PlyCount "50"]
[EventDate "2018.10.27"]
[EventType "swiss"]
[EventRounds "7"]
[EventCountry "ENG"]
[SourceTitle "EXT 2020"]
[Source "ChessBase"]
[SourceDate "2019.10.17"]
[SourceVersion "1"]
[SourceVersionDate "2019.10.17"]
[SourceQuality "1"]

1. Nf3 Nf6 2. c4 c5 3. e3 g6 4. Nc3 Bg7 5. b3 d5 6. Bb2 Nc6 7. cxd5 Nxd5 8. Qc2 Bf5 9. e4 Ndb4 10. Qb1 Bg4 11. a3 Bxf3 12. gxf3 Nd4 13. axb4 Nxf3+ 14. Ke2 Nd4+ 15. Ke1 cxb4 16. Nd5 e6 17. Bb5+ Kf8 18. Nxb4 Nxb5 19. Bxg7+ Kxg7 20. Qb2+ Qd4 21. Qxd4+ Nxd4 22. Rb1 Rhd8 23. d3 Rac8 24. Kd2 a5 25. Na2 Rc2+ 0-1

[Event "Doncaster 4NCL op-B 18th"]
[Site "Doncaster"]
[Date "2018.04.13"]
[Round "1.4"]
[White "Taylor, Robert P"]
[Black "Bielby, Paul R"]
[Result "0-1"]
[WhiteElo "1787"]
[BlackElo "1890"]
[PlyCount "60"]
[EventDate "2018.04.13"]
[EventType "swiss"]
[EventRounds "5"]
[EventCountry "ENG"]
[SourceTitle "EXT 2023"]
[Source "ChessBase"]
[SourceDate "2022.10.05"]
[SourceVersion "1"]
[SourceVersionDate "2022.10.05"]
[SourceQuality "1"]

1. d4 Nf6 2. Bg5 d5 3. e3 e6 4. Bd3 c5 5. c3 Nc6 6. Nf3 Be7 7. Nbd2 cxd4 8. exd4 h6 9. Bh4 Bd7 10. Qe2 g5 11. Bg3 Nh5 12. Ne5 Nxg3 13. hxg3 Nxe5 14. dxe5 Qb6 15. Nf3 0-0-0 16. a4 a5 17. Nd4 f5 18. Nb5 Kb8 19. 0-0 h5 20. b4 h4 21. g4 h3 22. Nd4 hxg2 23. Kxg2 fxg4 24. bxa5 Qxa5 25. Rfb1 Qxc3 26. Nb5 Qa5 27. Nd4 Bc5 28. Ba6 Bxd4 29. Rxb7+ Ka8 30. Rc1 Bc8 0-1

[Event "Harrogate 4NCL op-B 17th"]
[Site "Harrogate"]
[Date "2018.01.21"]
[Round "4"]
[White "Bielby, Paul R"]
[Black "Middleton, Tom"]
[Result "1/2-1/2"]
[WhiteElo "1883"]
[BlackElo "1990"]
[PlyCount "39"]
[EventDate "2018.01.19"]
[EventType "swiss"]
[EventRounds "5"]
[EventCountry "ENG"]
[SourceTitle "CBM 182 Extra"]
[Source "ChessBase"]
[SourceDate "2018.02.23"]
[SourceVersion "1"]
[SourceVersionDate "2018.02.23"]
[SourceQuality "1"]

1. e4 e5 2. f4 d5 3. exd5 exf4 4. Bc4 Qh4+ 5. Kf1 f3 6. d3 fxg2+ 7. Kxg2 Bc5 8. Qf3 Bg4 9. Qg3 Qxg3+ 10. Kxg3 Nf6 11. Nc3 Nbd7 12. Bg5 Bd6+ 13. Kg2 h6 14. Bxf6 Nxf6 15. Re1+ Kf8 16. Nf3 Bxf3+ 17. Kxf3 a6 18. Ne4 Nxe4 19. dxe4 Be5 20. c3 1/2-1/2

[Event "Harrogate 4NCL op-B 17th"]
[Site "Harrogate"]
[Date "2018.01.20"]
[Round "2"]
[White "Bielby, Paul R"]
[Black "De Coverly, Roger D"]
[Result "1/2-1/2"]
[WhiteElo "1883"]
[BlackElo "1969"]
[PlyCount "92"]
[EventDate "2018.01.19"]
[EventType "swiss"]
[EventRounds "5"]
[EventCountry "ENG"]
[SourceTitle "CBM 182 Extra"]
[Source "ChessBase"]
[SourceDate "2018.02.23"]
[SourceVersion "1"]
[SourceVersionDate "2018.02.23"]
[SourceQuality "1"]

1. e4 e5 2. Nf3 Nc6 3. Bb5 a6 4. Ba4 Nf6 5. 0-0 Be7 6. Re1 b5 7. Bb3 0-0 8. c3 d5 9. exd5 Nxd5 10. d4 exd4 11. Nxd4 Nxd4 12. Qxd4 Bb7 13. Nd2 Re8 14. Nf3 c5 15. Qd1 Nf6 16. Bf4 c4 17. Bc2 Qb6 18. Be3 Qc7 19. Nd4 Rad8 20. h3 g6 21. Re2 Bf8 22. Qe1 Qb8 23. Rd1 Nd5 24. Bg5 Rxe2 25. Qxe2 Re8 26. Qd2 Bd6 27. Re1 Bh2+ 28. Kf1 Rxe1+ 29. Qxe1 Nf4 30. Be4 Nh5 31. Bxb7 Qxb7 32. Qe8+ Kg7 33. Be7 Qb8 34. Qxb8 Bxb8 35. Nc6 Bf4 36. Nb4 Bc1 37. Nxa6 Bxb2 38. Bb4 Nf4 39. Nc7 Nd3 40. a3 Nxb4 41. axb4 Bxc3 42. Nxb5 Bxb4 43. Ke2 Kf6 44. Nd4 Bc5 45. Nf3 h6 46. Nd2 Ba7 1/2-1/2

[Event "Doncaster 4NCL op-B 15th"]
[Site "Doncaster"]
[Date "2017.09.09"]
[Round "2"]
[White "Bielby, Paul R"]
[Black "Procter, Colin S"]
[Result "1-0"]
[WhiteElo "1916"]
[BlackElo "1760"]
[PlyCount "127"]
[EventDate "2017.09.08"]
[EventType "swiss"]
[EventRounds "5"]
[EventCountry "ENG"]
[SourceTitle "CBM 180 Extra"]
[Source "ChessBase"]
[SourceDate "2017.10.06"]
[SourceVersion "1"]
[SourceVersionDate "2017.10.06"]
[SourceQuality "1"]

1. e4 e6 2. d4 d5 3. Nd2 a6 4. Bd3 c5 5. dxc5 Bxc5 6. Qe2 Nf6 7. Ngf3 Nc6 8. c3 Qe7 9. 0-0 h6 10. h3 0-0 11. Re1 Qc7 12. e5 Nh5 13. Nb3 Ng3 14. Qc2 Ba7 15. Bf4 Nf5 16. Rad1 b5 17. Bxf5 exf5 18. Nfd4 Nxd4 19. Nxd4 Bxd4 20. Rxd4 Be6 21. Qd2 Qe7 22. Bxh6 f6 23. exf6 Qxf6 24. Bg5 Qg6 25. h4 Rae8 26. Qf4 Bc8 27. Re5 Rxe5 28. Qxe5 Be6 29. Qd6 f4 30. Rxf4 Rxf4 31. Bxf4 Qb1+ 32. Kh2 Qf5 33. Be3 Qg4 34. Qxa6 Qxh4+ 35. Kg1 Qg4 36. Qxb5 Qd1+ 37. Qf1 Qc2 38. Qc1 Qxc1+ 39. Bxc1 d4 40. cxd4 Bxa2 41. f3 Kf7 42. Kf2 Ke6 43. Ke3 Bb3 44. Kf4 Kd5 45. Be3 Bc2 46. Kg5 Bd3 47. g4 Ke6 48. f4 g6 49. Bd2 Kf7 50. Bb4 Bc4 51. Bd6 Bb3 52. f5 gxf5 53. Kxf5 Be6+ 54. Kf4 Bb3 55. Be5 Kg6 56. g5 Bd5 57. Bf6 Kf7 58. Ke5 Bb3 59. Kd6 Ke8 60. g6 Kf8 61. d5 Bc2 62. g7+ Kf7 63. b4 Ba4 64. Kc5 1-0

[Event "Doncaster 4NCL op-B 15th"]
[Site "Doncaster"]
[Date "2017.09.09"]
[Round "3"]
[White "Ruane, Brendan J"]
[Black "Bielby, Paul R"]
[Result "1-0"]
[WhiteElo "1857"]
[BlackElo "1916"]
[PlyCount "61"]
[EventDate "2017.09.08"]
[EventType "swiss"]
[EventRounds "5"]
[EventCountry "ENG"]
[SourceTitle "CBM 180 Extra"]
[Source "ChessBase"]
[SourceDate "2017.10.06"]
[SourceVersion "1"]
[SourceVersionDate "2017.10.06"]
[SourceQuality "1"]

1. Nc3 d5 2. e4 dxe4 3. Nxe4 e5 4. Nf3 Bd6 5. Bc4 Nc6 6. 0-0 Bf5 7. Nxd6+ cxd6 8. Re1 Nge7 9. d4 d5 10. Bb3 e4 11. Nh4 Be6 12. f3 exf3 13. Nxf3 0-0 14. c3 Qd7 15. Bg5 Rfe8 16. Ba4 f6 17. Bf4 a6 18. b4 b5 19. Bb3 Nf5 20. Nd2 g5 21. Be3 Nd6 22. Qf3 Kg7 23. Bxd5 Bxd5 24. Qxd5 Ne7 25. Qf3 Nef5 26. Bf2 Rac8 27. Nb3 Kg6 28. Nc5 Qc7 29. g4 Rxe1+ 30. Rxe1 Nh6 31. d5 1-0

[Event "Harrogate 4NCL op 12th"]
[Site "Harrogate"]
[Date "2017.01.06"]
[Round "1"]
[White "Shaw, Peter"]
[Black "Bielby, Paul R"]
[Result "1-0"]
[WhiteElo "2120"]
[BlackElo "1929"]
[PlyCount "73"]
[EventDate "2017.01.06"]
[EventType "swiss"]
[EventRounds "5"]
[EventCountry "ENG"]
[SourceTitle "CBM 176 Extra"]
[Source "ChessBase"]
[SourceDate "2017.03.02"]
[SourceVersion "1"]
[SourceVersionDate "2017.03.02"]
[SourceQuality "1"]

1. d4 Nf6 2. c4 e5 3. dxe5 Ng4 4. Bf4 g5 5. Bg3 Bg7 6. Nf3 Nc6 7. e3 Ngxe5 8. Nxe5 Nxe5 9. Nc3 d6 10. Be2 Be6 11. Rc1 0-0 12. b3 f5 13. f3 c6 14. 0-0 Qe7 15. Bf2 Rad8 16. Qc2 Ng6 17. Rfe1 Qf6 18. Bf1 b6 19. Ne2 d5 20. Nd4 Ne7 21. Nxe6 Qxe6 22. cxd5 cxd5 23. b4 Rc8 24. Qb3 Rxc1 25. Rxc1 Rc8 26. Rxc8+ Nxc8 27. Qc2 Qd7 28. Bb5 Qxb5 29. Qxc8+ Bf8 30. Qe6+ Kg7 31. Qxf5 Bxb4 32. Qxg5+ Kf7 33. Qf5+ Ke8 34. Qxh7 Qe2 35. Qh5+ Kf8 36. Qf5+ Ke8 37. Qe5+ 1-0

[Event "BCF-ch Seniors 50"]
[Site "Bournemouth"]
[Date "2016.08.04"]
[Round "6"]
[White "Bielby, Paul R"]
[Black "Hunt, Malcolm A"]
[Result "0-1"]
[WhiteElo "1885"]
[BlackElo "2061"]
[PlyCount "74"]
[EventDate "2016.07.30"]
[EventType "swiss"]
[EventRounds "7"]
[EventCountry "ENG"]
[SourceTitle "CBM 173 Extra"]
[Source "ChessBase"]
[SourceDate "2016.08.29"]
[SourceVersion "1"]
[SourceVersionDate "2016.08.29"]
[SourceQuality "1"]

1. e4 e5 2. f4 Nc6 3. Nf3 f5 4. exf5 e4 5. Ne5 Nxe5 6. fxe5 Qe7 7. Qh5+ Kd8 8. d4 exd3 9. Bxd3 Qxe5+ 10. Qe2 Qxe2+ 11. Kxe2 Nf6 12. Bg5 d5 13. Nd2 Be7 14. Rae1 Re8 15. Kd1 Bd7 16. h3 c5 17. c3 Kc7 18. Bf4+ Bd6 19. Bxd6+ Kxd6 20. g4 Bc6 21. Rhf1 h6 22. Rf2 Rxe1+ 23. Kxe1 Re8+ 24. Re2 Rxe2+ 25. Kxe2 Ke5 26. Kf2 Kf4 27. Nf1 h5 28. gxh5 Nxh5 29. Ne3 Nf6 30. Ng2+ Ke5 31. Kg3 Ne4+ 32. Bxe4 Kxe4 33. Kg4 d4 34. cxd4 cxd4 35. Nf4 d3 36. Nxd3 Kxd3 37. Kg5 Be8 0-1

[Event "BCF-ch Seniors 50"]
[Site "Bournemouth"]
[Date "2016.08.02"]
[Round "4"]
[White "Bielby, Paul R"]
[Black "Hackman, Paul"]
[Result "1/2-1/2"]
[WhiteElo "1885"]
[BlackElo "2015"]
[PlyCount "47"]
[EventDate "2016.07.30"]
[EventType "swiss"]
[EventRounds "7"]
[EventCountry "ENG"]
[SourceTitle "CBM 173 Extra"]
[Source "ChessBase"]
[SourceDate "2016.08.29"]
[SourceVersion "1"]
[SourceVersionDate "2016.08.29"]
[SourceQuality "1"]

1. e4 g6 2. d4 Bg7 3. Nf3 c5 4. c3 cxd4 5. Nxd4 Nc6 6. Be3 Nf6 7. Nd2 0-0 8. Be2 d6 9. 0-0 Bd7 10. f4 a6 11. h3 Qc7 12. Qe1 Nxd4 13. Bxd4 Bc6 14. Qf2 b5 15. Rae1 Qb7 16. Bd3 Rad8 17. Bc2 Nd7 18. Bxg7 Kxg7 19. Nf3 Qb6 20. Nd4 Bb7 21. Kh2 e5 22. Ne2 Qxf2 23. Rxf2 Nc5 24. Ng3 1/2-1/2

[Event "Wakefield 4NCL op-A 8th"]
[Site "Wakefield"]
[Date "2016.04.03"]
[Round "4"]
[White "Bak, Andrew"]
[Black "Bielby, Paul R"]
[Result "1-0"]
[WhiteElo "2017"]
[BlackElo "1895"]
[PlyCount "65"]
[EventDate "2016.04.01"]
[EventType "swiss"]
[EventRounds "5"]
[EventCountry "ENG"]
[SourceTitle "CBM 171 Extra"]
[Source "ChessBase"]
[SourceDate "2016.04.26"]
[SourceVersion "1"]
[SourceVersionDate "2016.04.26"]
[SourceQuality "1"]

1. d4 Nf6 2. c4 e5 3. dxe5 Ng4 4. Bf4 g5 5. Bg3 Bg7 6. h4 Nxe5 7. hxg5 Nxc4 8. Nc3 Nc6 9. Qc2 d6 10. e3 Be6 11. Rxh7 Rxh7 12. Qxh7 Kf8 13. Bxc4 Bxc4 14. Nf3 Nb4 15. Qh4 b5 16. Kd2 Nd5 17. Nd4 Qd7 18. Qh3 Qxh3 19. gxh3 Nxc3 20. bxc3 Bxd4 21. cxd4 Ke7 22. e4 c5 23. d5 b4 24. h4 Rh8 25. a3 bxa3 26. Rxa3 a6 27. Rf3 a5 28. Rf6 Rd8 29. h5 a4 30. Rxd6 Rh8 31. h6 a3 32. Be5 Rh7 33. Rb6 1-0